AI 2041 : yu jian 10 ge wei lai xin shi jie (Chinese)

Bibliographic Details
Main Author: Li, Kaifu
Format: Book
Published: Chinese : Yuanjian Tianxia Culture Publishing Co. , 2021
Subjects:

MARC

LEADER 00000cam a2200000 7i4500
001 0000090525
005 20230125144757.0
008 221124
020 |a 9789865251918 
041 |a Chinese 
090 0 0 |a 303.490904   |b LIK 
100 1 |a Li, Kaifu 
245 0 0 |a AI 2041 :   |b yu jian 10 ge wei lai xin shi jie (Chinese)   |c Li Kaifu 
260 |a Chinese :   |b Yuanjian Tianxia Culture Publishing Co. ,   |c 2021 
300 |a 493 p. ;   |c 21 cm. 
541 |c Purchased on 2022   |f 1619394345 POP   |h RM84.70 
650 0 |a Forecasting 
650 0 |a Twenty-first century   |v Forecast 
730 0 |a Title 
999 |a 0001698581   |b Book   |c Chinese Collection   |e Perbadanan Perpustakaan Awam Johor